Detalles MARC
| 000 -LEADER |
| campo de control de longitud fija |
02429nam a2200421 i 4500 |
| 001 - NÚMERO DE CONTROL |
| campo de control |
193195 |
| 003 - IDENTIFICADOR DE NÚMERO DE CONTROL |
| campo de control |
SpMaBN |
| 005 - FECHA Y HORA DE LA ÚLTIMA TRANSACCIÓN |
| campo de control |
20250630060301.0 |
| 007 - CAMPO FIJO DE DESCRIPCIÓN FÍSICA--INFORMACIÓN GENERAL |
| campo de control de longitud fija |
ta |
| 008 - DATOS DE LONGITUD FIJA--INFORMACIÓN GENERAL |
| campo de control de longitud fija |
231002s2022 sp | |||| 000 f spa |
| 017 ## - NÚMERO DE COPYRIGHT O DE DEPÓSITO LEGAL |
| Número de copyright o de depósito legal |
B 11598-2020 |
| Agencia que asigna |
Oficina Depósito Legal Barcelona |
| 020 ## - NÚMERO INTERNACIONAL ESTÁNDAR DEL LIBRO |
| Número Internacional Estándar del Libro |
9788425359446 |
| 035 ## - NÚMERO DE CONTROL DEL SISTEMA |
| Número de control de sistema |
a7089515 |
| 040 ## - FUENTE DE CATALOGACIÓN |
| Centro catalogador/agencia de origen |
SpMaBN |
| Lengua de catalogación |
spa |
| Centro/agencia transcriptor |
SpMaBN |
| Normas de descripción |
rda |
| Centro/agencia modificador |
ES-MaACL |
| 080 ## - NÚMERO DE LA CLASIFICACIÓN DECIMAL UNIVERSAL |
| Número de la Clasificación Decimal Universal |
821.112.2-31"20" |
| 100 ## - ENTRADA PRINCIPAL--NOMBRE DE PERSONA |
| Nombre de persona |
Wolf, Daniel, |
| Fechas asociadas al nombre |
1977- |
| 9 (RLIN) |
234298 |
| Término indicativo de función/relación |
Autor |
| 245 13 - MENCIÓN DEL TÍTULO |
| Título |
La plaga del cielo / |
| Mención de responsabilidad, etc. |
Daniel Wolf ; traducción de Carlos Fortea |
| 250 ## - MENCION DE EDICION |
| Mención de edición |
Primera edición: noviembre de 2020, primera reimpresión: febrero de 2022 |
| 264 #1 - PRODUCCIÓN, PUBLICACIÓN, DISTRIBUCIÓN, FABRICACIÓN Y COPYRIGHT |
| Producción, publicación, distribución, fabricación y copyright |
[Barcelona] : |
| Nombre del de productor, editor, distribuidor, fabricante |
Grijalbo, |
| Fecha de producción, publicación, distribución, fabricación o copyright |
2022 |
| 300 ## - DESCRIPCIÓN FÍSICA |
| Extensión |
649 páginas ; |
| Otras características físicas |
1 mapa ; |
| Dimensiones |
24 cm |
| 336 ## - TIPO DE CONTENIDO |
| Término de tipo de contenido |
Texto |
| Fuente |
rdacontent |
| 337 ## - TIPO DE MEDIO |
| Nombre/término del tipo de medio |
sin mediación |
| Fuente |
rdamedia |
| 338 ## - TIPO DE SOPORTE |
| Nombre/término del tipo de soporte |
volumen |
| Fuente |
rdacarrier |
| 500 ## - NOTA GENERAL |
| Nota general |
Glosario: p. 643-[649] |
| 500 ## - NOTA GENERAL |
| Nota general |
Volumen 4 de la saga de los Fleury. |
| 520 ## - RESUMEN, ETC. |
| Sumario, etc. |
Un joven y valiente cirujano se enfrenta a una oscura epidemia al tiempo que combate otra plaga invisible provocada por los prejuicios y la injusticia.<br/> <br/>Ducado de Lorena, 1346. Adrien Fleury siempre soñó con ser medico, pero ni en sus peores pesadillas pudo anticipar que, cuando lo consiguiera, debería combatir la plaga más letal que la región había conocido hasta el momento. Su valerosa defensa de la ciencia y su ardiente amor por Lea, una inteligente joven judía, le valdrán el odio eterno de los poderosos e intransigentes, quienes buscan siempre un chivo expiatorio para ocultar sus propias miserias.<br/> <br/>Con su inmenso talento narrativo, Daniel Wolf nos lleva a un siglo que empezaba a dejar atrás el oscurantismo medieval y nos regala una historia fascinante donde brillan el amor por la ciencia y la defensa de la verdad. |
| 534 ## - NOTA SOBRE LA VERSIÓN ORIGINAL |
| Frase introductoria |
Traducción de: Die Gabe des Himmels |
| 655 #7 - TERMINO DE INDIZACIÓN--GENERO/FORMA |
| Datos o término principal de género/forma |
Novelas históricas |
| Fuente del término |
tgfbne |
| 9 (RLIN) |
226782 |
| 700 1# - ENTRADA AGREGADA--NOMBRE PERSONAL |
| Nombre de persona |
Fortea, Carlos, |
| Fechas asociadas al nombre |
1963- |
| Término indicativo de función/relación |
Traductor |
| 9 (RLIN) |
51844 |
| 852 ## - LOCALIZACIÓN |
| Ubicación |
ES-MaACL |
| itemnumber |
200574 |
| Sublocalización o colección |
R.154603 |
| Número de control de estantería |
N-9362 |
| Ubicación en estantería |
Depósito J |
| Donativo/Legado |
Donación: Carlos Fortea |
| Encuadernación |
Encuadernación cartoné con sobrecubiertas |
| Designación de la unidad física |
V. IV (Saga de los Fleury) |
| 903 ## - NOMBRE PERSONAL DE DONANTE |
| a |
Fortea, Carlos, |
| d |
1963- |
| e |
Donante |
| 9 |
51844 |
| 942 ## - ELEMENTOS DE ENTRADA SECUNDARIOS (KOHA) |
| Suprimir en OPAC |
No |
| Tipo de ítem Koha |
Libro impreso |